000 00624nam a2200205Ii 4500
003 JO-AjNU
008 230605s9999||||xx |||||||||||||| ||und||
040 _aJO-AjNU
_bara
_erda
_cJO-AjNU
041 _aara
050 1 4 _aPZ90 A626 1996
100 3 _aتاليف العناني، حنان عبد الحميد,
_eauthor
_937194
245 0 0 _aادب الاطفال
250 _aط3
264 3 1 _aعمان :دار الفكر للنشر ,1996
300 _a148ص
336 _atext
_btxt
_2rdacontent
337 _aunmediated
_bn
_2rdamedia
338 _avolume
_bnc
_2rdacarrier
650 4 _aادب الاطفال
_937195
999 _aA15519
_c19087
_d19087